header

Mr. Democrat (Record no. 21318)

MARC details
000 -LEADER
fixed length control field 02259nam a2200469 a 4500
082 04 - DEWEY DECIMAL CLASSIFICATION NUMBER
Classification number 973.917/092
-- B
100 1# - MAIN ENTRY--AUTHOR NAME
Personal name Scroop, Daniel,
245 10 - TITLE STATEMENT
Title Mr. Democrat
260 ## - PUBLICATION, DISTRIBUTION, ETC. (IMPRINT)
Place of publication Ann Arbor :
Name of publisher University of Michigan Press,
Year of publication c2006.
300 ## - PHYSICAL DESCRIPTION
Number of Pages x, 275 p., [8] p. of plates :
Other physical details ill.
505 0# - FORMATTED CONTENTS NOTE
Formatted contents note "The art of practical politics in local affairs" -- Reawakening the "Rip Van Winkle upstate democracy" -- A traveling elk -- A regular guy -- The death of the broker? -- "As Maine goes--" -- Drifting apart -- The breaking point -- The politics of revenge? -- Mr. Democrat.
650 #0 - SUBJECT ADDED ENTRY--TOPICAL TERM
Topical Term Politicians
Topical Term Postmasters general
Topical Term New Deal, 1933-1939.
Topical Term Politics, Practical
Topical Term Legislators
856 40 - ELECTRONIC LOCATION AND ACCESS
Uniform Resource Identifier http://site.ebrary.com/lib/rucke/Doc?id=10274286

No items available.

© 2026 Rongo University
Contact us: librarian | system librarian | Rongo university